| 000 | 00570nam a2200205Ia 4500 | ||
|---|---|---|---|
| 005 | 20230224140810.0 | ||
| 008 | 230125s9999 xx 000 0 und d | ||
| 020 | _a1-4000-5084-7 | ||
| 041 | _aeng | ||
| 082 |
_a658.406 _bBOS |
||
| 100 |
_aBossidy L _9114372 |
||
| 245 |
_aConfronting Reality _bDoing What Matters to Get Things Right |
||
| 260 |
_c2004 _bCrown Business _aNew York |
||
| 300 | _a264p | ||
| 500 | _aChange management | ||
| 650 | _aChange management | ||
| 700 |
_aBossidy L; Sudhir Tilloo, Donor & Charan R _9115960 |
||
| 906 | _b397.5 | ||
| 942 | _cDB | ||
| 999 |
_c93696 _d93696 |
||